000 01171nam a2200289 c 4500
003 BLK
005 20230424111916.0
008 180408b bul|||||r ||||||| ||bul||
010 _aKNG00040957000
040 _aBLK
041 _aBUL
_cBUL
080 _aИстория на България
_b94(497.2)
_x(092)
_z94(497.2)(092)
080 _aМатей Петров, монах Светопреображенски
_b929 Матей Преображенски
_x
_z929 Матей Преображенски
700 1 _aДраганова, Тодорка
_eсъстав.
_9367415
139 _aОтец Матей Преображенски Миткалото
_bО 90
245 1 0 _aОтец Матей Преображенски Миткалото
_bСтатии и науч. съобщения
_cсъстав. Тодорка Драганова.
257 _aBGR
260 София
_bОФ
_c1988
300 _a159 с.
_c21 см
380 _a9
600 1 4 _aМатей Преображенски
_cМиткалото
_d1828-1875
_qСеизмонов, Моно Петров
_9275801
852 _aЦб 155575
856 4 _qpdf
_u
856 4 _qpdf
_u
942 _cKNG
_n0
944 _aCR
_c22.11.2017
_kНора_Радева
944 _aED
_c22.11.2017
_kНора_Радева
999 _c37785
_d37785